| 000 | 00336nam a2200121Ia 4500 | ||
|---|---|---|---|
| 008 | 220204s9999 xx 000 0 und d | ||
| 020 | _a0761996281 | ||
| 082 |
_a330.34 _bNAQ |
||
| 100 | _aNaqvi, Syed Nawab Haider | ||
| 245 | 0 | _aDevelopment economics-nature and significance | |
| 260 |
_aNew Delhi _bSage Publications _c2002 |
||
| 942 | _cBK | ||
| 999 |
_c42054 _d42054 |
||